| 000 | 00802nam a2200253Ia 4500 | ||
|---|---|---|---|
| 003 | OSt | ||
| 005 | 20221005062205.0 | ||
| 006 | a|||||r|||| 00| 0 | ||
| 007 | ta | ||
| 008 | 221004b |||||||| |||| 00| 0 eng d | ||
| 020 |
_a0415044618 (hbk) _c7851 |
||
| 024 | _a98840 | ||
| 037 |
_bG-3338/09-10, 29/10/2009, Manohar Publisher & Distributors _cTextual |
||
| 040 |
_aCRL _cCRL _beng |
||
| 041 |
_2eng _aeng |
||
| 082 | _aV4498, N0 | ||
| 100 |
_aSpencer Jonathan Ed. _9288897 |
||
| 245 | 0 |
_aSri Lanka _b History and the roots of conflict |
|
| 260 |
_aLondon _bRoutledge UK _c1990 |
||
| 300 |
_axii,253p. _ccm. |
||
| 650 | _aHISTORY | ||
| 942 |
_hV4498, N0 _cTEXL _2cc |
||
| 999 |
_c969334 _d969334 |
||